| 000 | 03135nem2a2200349 4500 | ||
|---|---|---|---|
| 001 | RU\NLR\BIBL_A\016285400 | ||
| 005 | 20250625024826.0 | ||
| 010 |
_a978-5-00193-110-2 _9100 |
||
| 035 | _a(NLR Aleph) 016285400 | ||
| 090 |
_a12928769 _c12928769 |
||
| 100 | _a20230210d2021 |||y0rusy50 ca | ||
| 101 | 0 | _arus | |
| 102 | _aRU | ||
| 120 | _abyby xx|| | ||
| 123 | 1 |
_aa _b1000000 |
|
| 200 | 1 |
_aР-38 (Котлас) _bКарты _fИсполнители работ: ФГБУ «ВСЕГЕИ» _gГл. ред. комплекта Якобсон К. Э. |
|
| 206 | _a1:1 000 000, 10 км в 1 см | ||
| 210 |
_aСанкт-Петербург _cВСЕГЕИ _d2021 |
||
| 215 |
_a5 к. (7 л.) _cцв., табл., профили _d69х100 см и др., в кор. 25х17 см _eОбъяснительная записка (271 с.; 23х16 см). Библиогр. 173 назв.+2 электрон. опт. диска (CD-ROM); 12 см |
||
| 225 | 1 | _aМезенская серия | |
| 300 | _aКарты: Карта дочетвертичных образований; Карта четвертичных образований; Карта полезных ископаемых; Карта закономерностей размещения и прогноза полезных ископаемых; Карта прогноза на нефть и газ | ||
| 327 | 1 | _aДоп. карты: Тектоническая схема.- 1:2 500 000; Схема глубинного строения.-1:2 500 000; Эколого-геологическая схема.-1:2 500 000; Гидрогеологическая схема.-1:2 500 000; Геоморфологическая схема.- 1:2 500 000; Схема мощностей четвертичных образований.-1:2 500 000; Схема минерагенического районирования.- 1:2 500 000; Схема минерагенического районирования и продуктивности рудных районов и узлов.- 1:2 500 000; Схема нефтегазоносных областей, провинций.- 1:2 500 000 | |
| 461 | 0 |
_1001RU\NLR\BIBL_A\012660634 _12001#$aГосударственная геологическая карта Российской Федерации _912754783 _cСанкт-Петербург _d2019-2022 _e3-е поколение _fОформл. и отпеч. на картогр. ф-ке ВСЕГЕИ _nВСЕГЕИ _p...компл _tГосударственная геологическая карта Российской Федерации: Карты |
|
| 509 | 0 | 1 |
_7ca _aАрхангельская _hобласть _92633239 _3RU\NLR\auth_crt\5555 |
| 606 | 1 |
_aПолезные ископаемые _jКарты _91009930 _3RU\NLR\AUTH\6666634 |
|
| 606 | 1 |
_aЧетвертичные отложения _jКарты _9990894 _3RU\NLR\AUTH\6656346 |
|
| 607 |
_aАрхангельская область _jКарты _xГеология _91032370 _3RU\NLR\AUTH\6678425 |
||
| 702 | 1 |
_aЯкобсон _bК. Э. _4340 |
|
| 852 |
_aNLR _bК _j4-Союз 6/5000 _m22-79 |
||
| 942 | _cMAP | ||
| 980 | _aNB | ||